Indonesia's Busiest Airports - Statistics

General Stats
  • This quiz has been taken 447 times
  • The average score is 17 of 25
Answer Stats
# Airport % Correct
3.06M Jakarta (Halim Perdanakusuma)
100%
54.29M Jakarta (Soekarno-Hatta)
100%
17.14M Surabaya
97%
17.11M Denpasar
95%
8M Medan
91%
3.15M Bandung
87%
9.31M Makassar
84%
3.68M Semarang
79%
6.38M Yogyakarta
79%
3.38M Palembang
78%
3.17M Padang
70%
7.37M Balikpapan
69%
5.03M Batam
69%
2.11M Manado
67%
1.73M Jayapura
66%
2.71M Pontianak
66%
3.55M Banjarmasin
56%
2.67M Pekanbaru
56%
1.52M Kupang
51%
1.32M Ambon
50%
2.55M Mataram
50%
1.53M Solo
46%
1.42M Bandar Lampung
42%
1.66M Pangkal Pinang
35%
2.6M Sampit
7%
No matching quizzes found
Score Distribution
Percent of People with Each Score
Percentile by Number Answered
Your Score History
You have not taken this quiz